All the normal type pokemon Quiz Stats

Quiz not verified by Sporcle

Challenge
Share
Tweet
Embed
Score 0/98 Timer 20:00
0 Plays Today
Hint Answer % Correct
Normal 019rattata
88.2%
eevee
88.2%
snorlax
88.2%
020raticate
82.4%
meowth
82.4%
persian
82.4%
tauros
82.4%
ditto
82.4%
porygon
82.4%
porygon 2
82.4%
porygon z
82.4%
Normal-Flyingpidgey
82.4%
pidgeotto
82.4%
pidgeot
82.4%
spearow
82.4%
fearow
82.4%
farfetch'd
82.4%
doduo
82.4%
dodrio
82.4%
hoothoot
82.4%
noctowl
82.4%
starly
82.4%
staravia
82.4%
staraptor
82.4%
pidove
82.4%
tranquill
82.4%
unfezant
82.4%
fletchling
82.4%
Normal-Fairyjigglypuff
82.4%
wigglytuff
82.4%
igglybuff
82.4%
chansey
76.5%
kangaskhan
76.5%
Hint Answer % Correct
sentret
76.5%
furret
76.5%
miltank
76.5%
blissey
76.5%
zigzagoon
76.5%
linoone
76.5%
bidoof
76.5%
happiny
76.5%
taillow
76.5%
swellow
76.5%
rufflet
76.5%
braviary
76.5%
azurill
76.5%
Normal-Psychic girafarig
76.5%
Normal-Grassdeerling
76.5%
sawsbuck
76.5%
Normal-Electrichelioptile
76.5%
heliolisk
76.5%
glameow
70.6%
purugly
70.6%
munchlax
70.6%
regigigas
70.6%
arceus
70.6%
patrat
70.6%
watchog
70.6%
bunnelby
70.6%
chatot
70.6%
meloetta
70.6%
Normal-Water bibarel
70.6%
Normal-Fighting meloetta
70.6%
Normal-Ground diggersby
70.6%
Normal-Fire litleo
70.6%
pyroar
70.6%
Hint Answer % Correct
dunsparce
64.7%
smeargle
64.7%
whismur
64.7%
loudred
64.7%
exploud
64.7%
zangoose
64.7%
lillipup
64.7%
herdier
64.7%
stoutland
64.7%
audino
64.7%
bouffalant
64.7%
lickitung
58.8%
aipom
58.8%
teddiursa
58.8%
ursaring
58.8%
stantler
58.8%
slakoth
58.8%
vigoroth
58.8%
slaking
58.8%
skitty
58.8%
delcatty
58.8%
castform
58.8%
kecleon
58.8%
buneary
58.8%
lopunny
58.8%
lickilicky
58.8%
furfrou
58.8%
swablu
58.8%
spinda
52.9%
ambipom
52.9%
minccino
47.1%
cinccino
47.1%

You're not logged in!

Compare scores with friends on all Sporcle quizzes.
Sign Up with Email
OR
Log In

You Might Also Like...

Show Comments

Extras

Top Quizzes Today


Score Distribution

Your Account Isn't Verified!

In order to create a playlist on Sporcle, you need to verify the email address you used during registration. Go to your Sporcle Settings to finish the process.

Report this User

Report this user for behavior that violates our Community Guidelines.

Details: